| 000 | 00412nam a2200157Ia 4500 | ||
|---|---|---|---|
| 005 | 20250516023421.0 | ||
| 008 | 240331s9999 xx 000 0 und d | ||
| 020 | _a9552102634 | ||
| 082 |
_a291 _bPER |
||
| 100 | _aPerera, P | ||
| 245 | 0 | _aAagamai minisage diunuwai mata penena hati | |
| 260 |
_aNugegoda _bM. D. gunasena Books _c1988 |
||
| 300 | _a77 p ., | ||
| 500 | _aReligion and Human Development | ||
| 942 | _cL | ||
| 999 |
_c835 _d835 |
||